000 01536nab a22002297a 4500
999 _c6245
_d6245
003 OSt
005 20260127195212.0
008 190514b xxu||||| |||| 00| 0 spa d
040 _cPJ
100 _96692
_aGiraudo Esquivo, Nicolás
245 1 3 _aLa ganancialidad no significa titularidad /
_cNicolás Giraudo Esquivo, María Eugenia Jiménez.
300 _ap. 5-20
500 _aCita: TR LALEY AR/DOC/2145/2025.
505 _aSumario: I. Introducción.— II. El caso.— III. La falta de legitimación.— IV. El régimen de comunidad. Un derecho en expectativa que no reconoce titularidad durante su vigencia.— V. Los "procesos urgentes" y "medidas cautelaresprovisionales". Una alternativa procesal viable para el caso.— VI. Las medidas provisionales. Precisiones conceptuales.— VII. Medidas provisionales relativas a los bienes en el divorcio y la nulidad del matrimonio en el Cód. Civ. y Com.— VIII. Las medidas cautelares-provisionales versus jurisdicción preventiva. Distintas posturas.— IX. Conclusiones.
505 _tFallo comentado: CNCiv., sala D ~ 18/02/2025 ~ Chaves, María Cristina c. Muzlera, Mariana Lucía y otros s/ daños y perjuicios.
650 0 _9967
_aDERECHO DE FAMILIA
650 0 _9979
_aBIENES GANANCIALES
650 0 _91057
_aJURISPRUDENCIA APLICABLE
700 _96957
_aJiménez, María Eugenia
773 0 _02844
_93222
_dBuenos Aires : AbeledoPerrot, 1989-
_tDerecho de familia. Revista Interdisciplinaria de doctrina y jurisprudencia. Octubre 2025-V.
_z18511201
942 _2udc
_cANA